000 00708nam a2200241 i 4500
001 C2-0304711
003 PPAK
005 20180728085847.0
008 100614s2010 my a|||| ||||| | may d
020 _a9789673690138
040 _aPPAK
_beng
_cPPAK
_erda
082 0 4 _a658.872
_223
090 0 0 _a658.872
_bZAM
_dG
100 0 _aZamri Mohamad,
_eauthor
245 1 0 _aUrus bisnes dengan Google
264 1 _aBatu Caves, Selangor :
_bPTS Professional Publishing ,
_c2010
300 _axxii, 298 pages :
_billustrations ;
_c23 cm
336 _2rdacontent
_atext
337 _2rdamedia
_aunmediated
338 _2rdacarrier
_avolume
650 1 0 _aBusiness - Computer network resources.
942 _ddc
_cB
999 _c107831
_d107831